Zodpovednosť väčšinových spoločníkov za dlhy vlastnej obchodnej spoločnosti bakalárska práca

Enregistré dans:
Détails bibliographiques
Auteur principal: Ondečková, Rebeka
Collectivité auteur: Obchodná fakulta EU. Katedra obchodného práva
Autres auteurs: Holub, Dušan
Format: Livre
Langue:slovaque
Publié: Bratislava 2019
Tags: Ajouter un tag
Pas de tags, Soyez le premier à ajouter un tag!

MARC

LEADER 00000nbm a2200000 4500
001 0255627
005 20191108134221.1
041 0 |a slo 
044 |a SK 
245 1 0 |a Zodpovednosť väčšinových spoločníkov za dlhy vlastnej obchodnej spoločnosti  |b bakalárska práca  |c Rebeka Ondečková ; školiteľ: Dušan Holub 
264 1 |a Bratislava  |c 2019 
300 |a 48 s. 
100 1 |a Ondečková, Rebeka 
700 1 |a Holub, Dušan 
710 2 |a Obchodná fakulta EU. Katedra obchodného práva